Numerical solution of partial differential equations : proceedings of the third symposium on the numerical solution of partial differential equations, SYNSPADE 1975, held at the University of Maryland, College Park, Maryland, May 19-24, 1975 /

Guardado en:
Autor Corporativo: Symposium on the Numerical Solution of Partial Differential Equations University of Maryland)
Otros Autores: Hubbard, Bert, (Editor , ed.)
Formato: Libro
Idioma:English
Publicado: New York : Academic Press, c1976.
Materias:
Etiquetas: Agregar Etiqueta
Sin Etiquetas, Sea el primero en etiquetar este registro!
LEADER 01134nam a22002175a 4500
001 EIQ.libpla002758
008 070815s1976####nyua#####b####100#0#eng#d
005 20070815172600.0
245 1 0 |a Numerical solution of partial differential equations :  |b proceedings of the third symposium on the numerical solution of partial differential equations, SYNSPADE 1975, held at the University of Maryland, College Park, Maryland, May 19-24, 1975 /  |c edited by Bert Hubbard. 
260 |a New York :  |b Academic Press,  |c c1976. 
300 |a 499 p. :  |b il. ;  |c 24 cm. 
504 |a Incluye referencias bibliográficas. 
020 |a 0123585031 
111 2 |a Symposium on the Numerical Solution of Partial Differential Equations  |n (3º :  |d 1975 :  |c University of Maryland) 
700 1 |a Hubbard, Bert,  |e ed.  |4 edt 
650 4 |a Ecuaciones diferenciales parciales  |x Soluciones numéricas. 
650 4 |a Ecuaciones diferenciales parciales  |x Congresos. 
650 4 |a Differential equations, Partial  |x Congresses. 
650 4 |a Differential equations, Partial  |x Numerical solutions. 
040 |a AR-BbSID  |b spa  |c AR-BbSID 
859 |a AR-BbSID  |b BIB. PLAPIQUI  |h 515.352  |i Sy 68  |p 2092